000 00404nam a22001577a 4500
005 20230816150746.0
008 230816b ||||| |||| 00| 0 eng d
040 _cAL
041 _aeng
082 _223
_a510K
_bNORP
100 _aNoronha and others
_9130002
245 _aPreuniversity Mathematics Part I
650 _aMathematics
_9130000
700 _aNORONHA and others
_9130001
942 _2ddc
_cBK
999 _c228311
_d228311